000 01029nam a2200265Ia 4500
003 OSt
005 20220923211438.0
006 a|||||r|||| 00| 0
007 ta
008 220922b |||||||| |||| 00| 0 hin d
020 _a9789350005446 (hbk)
_c395
024 _a264,502
037 _b1863, 16/07/2012, Kiran Book Service
_cTextual
040 _aARTS
_cARTS
_bhin
041 _2hin
_ahin
082 _aO152,3:gN9, Q1
100 _aशर्मा, नीरज
245 0 _aअन्तिम दशक की हिन्दी कहानियॉंः संवेदना और शिल्प
246 _aAntim dashak kī hindī kahāniyaॉanah sanvedanā aur shilpa
260 _aनयी दिल्ली
_b वाणी प्रकाशन
_c2011
300 _a216पृ.
_ccm.
650 _aहिन्दी साहित्य
_9156264
942 _hO152,3:gN9, Q1
_cTEXL
_2CC
999 _c299610
_d299610